| 000 | 00347nam a22001457a 4500 | ||
|---|---|---|---|
| 008 | 210310b ||||| |||| 00| 0 eng d | ||
| 020 | _a9780470635292 | ||
| 041 | _aeng | ||
| 080 |
_28th _a330.722.6 |
||
| 082 | _a330.722.6 | ||
| 100 | _a61 | ||
| 101 | _aKF | ||
| 245 |
_aFinancial Accounting in an Economic Context _cPratt, J |
||
| 942 |
_2udc _cBK |
||
| 999 |
_c56261 _d56261 |
||